[Event "ICS rated blitz match"]
[Site "204.178.125.65"]
[Date "2000.12.27"]
[Round "?"]
[White "Tinker"]
[Black "Hossa"]
[Result "1/2-1/2"]
[WhiteElo "2402"]
[BlackElo "2574"]
[PlyCount "146"]
[EventDate "2000.??.??"]

1. e4 e6 2. d4 d5 3. Nc3 Bb4 4. e5 c5 5. a3 Bxc3+ 6. bxc3 Ne7 7. Qg4 cxd4 8.
Qxg7 Rg8 9. Qxh7 Qc7 10. Ne2 dxc3 11. f4 Bd7 12. Qd3 Nf5 13. Nxc3 Na6 14. Ne2
Rc8 15. Rb1 Ba4 16. Rb2 Nc5 17. Qc3 Ne4 18. Qb4 Bxc2 19. Qb5+ Kf8 20. Qxb7 Qa5+
21. Qb4+ Qxb4+ 22. axb4 Bd3 23. Bd2 Bxe2 24. Bxe2 Rxg2 25. Bf3 Rxd2 26. Rxd2
Nxd2 27. Kxd2 Rc4 28. b5 Rxf4 29. Be2 Re4 30. Bd3 Rxe5 31. Ra1 Ne7 32. Rxa7 Rh5
33. b6 Rxh2+ 34. Be2 Nc6 35. Rc7 Na5 36. b7 Nxb7 37. Rxb7 Kg7 38. Ra7 d4 39.
Ke1 Kf6 40. Bc4 Rc2 41. Bb3 Rc3 42. Rb7 Ke5 43. Kd2 Kd6 44. Rb4 Kc5 45. Rb8 Rf3
46. Bd1 Rf2+ 47. Ke1 Rg2 48. Rf8 f5 49. Bb3 Rg6 50. Kd1 Kd6 51. Rd8+ Ke5 52.
Re8 Rf6 53. Ke2 Rh6 54. Bc4 Kd6 55. Rd8+ Kc5 56. Rc8+ Kb4 57. Bxe6 Rxe6+ 58.
Kd3 Ka3 59. Kxd4 f4 60. Kc3 Ra6 61. Kc2 Rd6 62. Kb1 Kb3 63. Kc1 f3 64. Rf8 Rd3
65. Rg8 f2 66. Rf8 Rc3+ 67. Kd2 Rc2+ 68. Ke3 f1=Q 69. Rxf1 Rg2 70. Kd3 Rh2 71.
Ke3 Rg2 72. Kd3 Rh2 73. Ke3 Rg2 {Game drawn by repetition} 1/2-1/2

[Event "ICS rated blitz match"]
[Site "204.178.125.65"]
[Date "2000.12.27"]
[Round "?"]
[White "Hossa"]
[Black "ChesterX"]
[Result "1-0"]
[WhiteElo "2567"]
[BlackElo "2663"]
[PlyCount "83"]
[EventDate "2000.??.??"]

1. c4 e5 2. Nc3 Bb4 3. e4 Nf6 4. a3 Be7 5. Nf3 d6 6. d4 exd4 7. Nxd4 Bd7 8. Be2
O-O 9. O-O Nc6 10. Be3 Ne5 11. b3 c6 12. f3 Qc7 13. Qd2 a5 14. Bg5 h6 15. Be3
b6 16. b4 Rfe8 17. Rfe1 Kh8 18. b5 c5 19. Nf5 Bxf5 20. exf5 Kg8 21. h3 Ned7 22.
f4 Rad8 23. Bf3 Qb8 24. g3 Nh7 25. Rad1 Nhf6 26. Re2 Qc7 27. Bc6 Bf8 28. g4 Kh8
29. g5 Ng8 30. Qd5 hxg5 31. fxg5 Ne7 32. Qxf7 Nxc6 33. Qh5+ Kg8 34. Nd5 Qa7 35.
bxc6 Re5 36. c7 Rxd5 37. cxd8=Q Rxd1+ 38. Kf2 Rd3 39. Qde8 Ne5 40. g6 Ng4+ 41.
hxg4 Rxa3 42. Qh7# {ChesterX checkmated} 1-0

[Event "ICS rated blitz match"]
[Site "204.178.125.65"]
[Date "2000.12.27"]
[Round "?"]
[White "ChesterX"]
[Black "Hossa"]
[Result "1-0"]
[WhiteElo "2643"]
[BlackElo "2587"]
[PlyCount "165"]
[EventDate "2000.??.??"]

1. e4 c5 2. Nf3 d6 3. d4 cxd4 4. Nxd4 Nf6 5. Nc3 g6 6. Be3 Bg7 7. f3 O-O 8. Qd2
Nc6 9. Bc4 Bd7 10. Bb3 Na5 11. O-O-O Rc8 12. h4 e5 13. Ndb5 Nxb3+ 14. axb3 Qa5
15. Nxd6 Qa1+ 16. Nb1 Rc7 17. Qb4 Nh5 18. Nxb7 Rfc8 19. c3 Ng3 20. Rhe1 Bf6 21.
Bg5 Bg7 22. Nd6 a5 23. Qa3 Qxa3 24. Nxa3 Rb8 25. Nac4 a4 26. bxa4 Bxa4 27. Rd3
h6 28. Be3 Bb3 29. Nd2 Be6 30. Kc2 Bf8 31. f4 exf4 32. Bxf4 Nh5 33. Rf1 Ra8 34.
Be5 Rca7 35. Nb5 Rb7 36. Nc7 Ra2 37. Rb1 Be7 38. Nxe6 fxe6 39. g4 Nf6 40. Bxf6
Bxf6 41. h5 gxh5 42. gxh5 Rb5 43. Rh3 Rg5 44. Rf1 Be7 45. Nc4 Ra7 46. b4 Rg4
47. Re3 Rc7 48. Kb3 Rh4 49. Rg3+ Bg5 50. Rf6 Rxh5 51. Rxe6 Rh1 52. Nb6 Kf7 53.
Re5 Rb1+ 54. Kc2 Rc1+ 55. Kb2 Re1 56. Nd5 Rc4 57. Rg4 Rc8 58. b5 Rg8 59. Rf5+
Ke6 60. Nf4+ Kd7 61. e5 Rc8 62. Nd3 Re3 63. Rd4+ Ke6 64. Rf1 Rd8 65. Rd1 Rc8
66. c4 Re2+ 67. Kc3 Be3 68. Rd6+ Kf5 69. b6 Ke4 70. e6 Re8 71. b7 Ba7 72. Rf1
Ke3 73. Rd5 Bb8 74. Rdf5 Bd6 75. c5 Bg3 76. c6 Bd6 77. c7 Rc2+ 78. Kxc2 Re7 79.
Re1+ Kd4 80. Nc5 Bxc5 81. c8=Q Rc7 82. Qxc7 Bb4 83. Qf4# {Hossa checkmated} 1-0

[Event "ICS rated blitz match"]
[Site "204.178.125.65"]
[Date "2000.12.27"]
[Round "?"]
[White "Hossa"]
[Black "Greb"]
[Result "1-0"]
[WhiteElo "2574"]
[BlackElo "1970"]
[PlyCount "69"]
[EventDate "2000.??.??"]

1. e4 e6 2. d4 d5 3. Nc3 Be7 4. Nf3 Nf6 5. Bd3 dxe4 6. Nxe4 O-O 7. Nxf6+ Bxf6
8. c3 c5 9. dxc5 Na6 10. Bxa6 bxa6 11. Qxd8 Rxd8 12. Bg5 Bb7 13. Bxf6 gxf6 14.
Ke2 Rac8 15. b4 a5 16. Rhd1 Ba6+ 17. Ke3 e5 18. a4 Bc4 19. Ke4 Kg7 20. Rxd8
Rxd8 21. b5 Bd5+ 22. Ke3 Bc4 23. Rc1 Bb3 24. c4 Bxa4 25. Ra1 Bb3 26. Nd2 a4 27.
Nxb3 axb3 28. Rb1 Rd4 29. Rxb3 Rxc4 30. b6 axb6 31. cxb6 Rc8 32. b7 Rb8 33. Ke4
Kg6 34. Kd5 Kf5 35. Kc6 {Greb resigns} 1-0

[Event "ICS rated standard match"]
[Site "204.178.125.65"]
[Date "2000.12.27"]
[Round "?"]
[White "Hossa"]
[Black "PIETRO-TARICONE"]
[Result "0-1"]
[WhiteElo "2306"]
[BlackElo "2362"]
[PlyCount "138"]
[EventDate "2000.??.??"]

1. e4 Nf6 2. e5 Nd5 3. c4 Nb6 4. c5 Nd5 5. Nc3 e6 6. d4 b6 7. Nxd5 exd5 8. b4
a5 9. b5 bxc5 10. dxc5 Bxc5 11. Qxd5 Bb4+ 12. Bd2 Bxd2+ 13. Kxd2 Qg5+ 14. Ke1
c6 15. Nf3 Qe7 16. Qd6 cxb5 17. Bxb5 Qxd6 18. exd6 Bb7 19. Rc1 O-O 20. Rc3 Bd5
21. a4 Nc6 22. Kd2 Rfb8 23. Nh4 Nd4 24. Bxd7 Rb6 25. Rd3 Rxd6 26. Rxd4 Rxd7 27.
Rc1 f6 28. Rc5 Bc6 29. Rxd7 Bxd7 30. Rc4 Kf7 31. Nf3 Rc8 32. Rxc8 Bxc8 33. Kc3
Bd7 34. Kb3 Be6+ 35. Ka3 Bd5 36. Nd4 Bxg2 37. Nb3 Ke6 38. Nxa5 Kd5 39. Nb7 Kc6
40. Na5+ Kc5 41. Nb3+ Kc4 42. Nc1 g5 43. Ne2 h5 44. Ng3 h4 45. Nh5 f5 46. Ng7
Be4 47. Ne6 g4 48. Ng5 Bd5 49. a5 f4 50. a6 h3 51. a7 g3 52. fxg3 fxg3 53. Nxh3
gxh2 54. Nf2 Kc3 55. Ka4 Kd2 56. Kb5 Ke2 57. Ng4 h1=Q 58. Ne5 Qa1 59. a8=Q Qxa8
60. Kc5 Qa5+ 61. Kd6 Qd8+ 62. Kc5 Bg2 63. Nc4 Kd3 64. Nb2+ Kc3 65. Na4+ Kb3 66.
Kb5 Qb8+ 67. Nb6 Qb7 68. Ka5 Bc6 69. Nd5 Qb5# {Hossa checkmated} 0-1

[Event "ICS rated standard match"]
[Site "204.178.125.65"]
[Date "2000.12.27"]
[Round "?"]
[White "stevesand"]
[Black "Hossa"]
[Result "0-1"]
[WhiteElo "2023"]
[BlackElo "2293"]
[PlyCount "38"]
[EventDate "2000.??.??"]

1. e4 Nf6 2. e5 Nd5 3. d4 d6 4. Nf3 g6 5. Be2 Bg7 6. O-O O-O 7. c4 Nb6 8. exd6
cxd6 9. Nc3 Bg4 10. h3 Bxf3 11. Bxf3 Nc6 12. Bxc6 bxc6 13. b3 d5 14. c5 Nd7 15.
Bb2 e5 16. dxe5 Bxe5 17. b4 Rb8 18. a3 a5 19. Qa4 Nxc5 {stevesand resigns} 0-1

[Event "ICS rated standard match"]
[Site "204.178.125.65"]
[Date "2000.12.27"]
[Round "?"]
[White "Hossa"]
[Black "stevesand"]
[Result "1-0"]
[WhiteElo "2299"]
[BlackElo "2017"]
[PlyCount "49"]
[EventDate "2000.??.??"]

1. d4 Nf6 2. c4 g6 3. Nc3 d5 4. cxd5 Nxd5 5. e4 Nxc3 6. bxc3 Bg7 7. Bc4 O-O 8.
Ne2 c5 9. O-O Nc6 10. Be3 Qc7 11. Rc1 Rd8 12. Qd2 Qa5 13. Qb2 b6 14. Bb5 Bd7
15. d5 Ne5 16. Bxd7 Rxd7 17. Qc2 Nc4 18. a4 Re8 19. Rfd1 e6 20. dxe6 Rxd1+ 21.
Qxd1 fxe6 22. Qd7 Kf8 23. Nf4 Nxe3 24. fxe3 Re7 25. Nxe6+ {stevesand resigns}
1-0

[Event "ICS rated standard match"]
[Site "204.178.125.65"]
[Date "2000.12.27"]
[Round "?"]
[White "SSM"]
[Black "Hossa"]
[Result "0-1"]
[WhiteElo "2179"]
[BlackElo "2304"]
[PlyCount "45"]
[EventDate "2000.??.??"]

1. e4 Nf6 2. e5 Nd5 3. d4 d6 4. Nf3 g6 5. Bc4 Nb6 6. Bb3 Bg7 7. Ng5 e6 8. f4 a5
9. a4 Nc6 10. c3 O-O 11. O-O Qe7 12. Kh1 f6 13. exf6 Bxf6 14. Ne4 Bg7 15. Nbd2
Nd5 16. Nf3 Nxf4 17. Bxf4 Rxf4 18. Qe2 Rf5 19. Rae1 Nd8 20. g4 Rf4 21. Nfg5
Rxf1+ 22. Rxf1 d5 23. Nxe6 {SSM resigns} 0-1

[Event "ICS rated blitz match"]
[Site "204.178.125.65"]
[Date "2000.12.28"]
[Round "?"]
[White "Tinker"]
[Black "Hossa"]
[Result "1/2-1/2"]
[WhiteElo "2357"]
[BlackElo "2575"]
[PlyCount "85"]
[EventDate "2000.??.??"]

1. e4 Nf6 2. e5 Nd5 3. d4 d6 4. Nf3 g6 5. Bc4 Nb6 6. Bb3 Bg7 7. a4 a5 8. O-O
O-O 9. h3 dxe5 10. Nxe5 Bf5 11. Nc3 Na6 12. g4 Bd7 13. Be3 Nb4 14. Qf3 Be8 15.
Qg2 Nc6 16. Rfd1 e6 17. g5 Rb8 18. Rd2 Ne7 19. Ne4 Nf5 20. c4 Qe7 21. Bf4 Rd8
22. Nf6+ Bxf6 23. gxf6 Qb4 24. Ra3 Bc6 25. Nxc6 bxc6 26. Ba2 Rxd4 27. Rxd4 Nxd4
28. Bxc7 Nxa4 29. Kh2 Nxb2 30. Rxa5 Nxc4 31. Bxc4 Qxc4 32. Qg3 Qf1 33. Be5 Ne2
34. Qg2 Qd1 35. Ra1 Qc2 36. Qg5 Qe4 37. Qe3 Qxe3 38. fxe3 Rd8 39. Bc7 Rc8 40.
Be5 Rd8 41. Bc7 Rc8 42. Be5 Rd8 43. Bc7 {Game drawn by repetition} 1/2-1/2

[Event "ICS rated blitz match"]
[Site "204.178.125.65"]
[Date "2000.12.28"]
[Round "?"]
[White "PostModernist"]
[Black "Hossa"]
[Result "1-0"]
[WhiteElo "2581"]
[BlackElo "2566"]
[PlyCount "109"]
[EventDate "2000.??.??"]

1. d4 Nf6 2. c4 d6 3. Nc3 g6 4. Nf3 Bg7 5. g3 O-O 6. Bg2 Nbd7 7. O-O c5 8. e4
cxd4 9. Nxd4 Ne5 10. b3 Bd7 11. Bb2 Qb6 12. Nd5 Nxd5 13. cxd5 Rac8 14. Qd2 Ng4
15. Rfd1 e5 16. dxe6 fxe6 17. Nf3 Nxf2 18. Bxg7 Nxd1+ 19. Bd4 Qc6 20. Rxd1 e5
21. Bxa7 Bg4 22. Rf1 Ra8 23. Be3 Qxe4 24. Ng5 Rxf1+ 25. Bxf1 Qc6 26. Bc4+ Kg7
27. Nf7 g5 28. Bxg5 Qc5+ 29. Be3 Rxa2 30. Qxa2 Qxe3+ 31. Qf2 Qc1+ 32. Kg2 d5
33. Nd8 dxc4 34. Qf7+ Kh6 35. Qf6+ Kh5 36. Qh4+ Kg6 37. Qxg4+ Qg5 38. Qxg5+
Kxg5 39. bxc4 b6 40. Kf3 Kf5 41. g4+ Kg5 42. Nc6 e4+ 43. Kxe4 Kxg4 44. Ne5+ Kh3
45. Nd7 h5 46. Kf4 Kg2 47. Nxb6 Kg1 48. c5 h4 49. c6 Kg2 50. c7 Kh1 51. Kf3
Kxh2 52. c8=Q Kg1 53. Qg4+ Kf1 54. Qg2+ Ke1 55. Qe2# {Hossa checkmated} 1-0

[Event "ICS rated blitz match"]
[Site "204.178.125.65"]
[Date "2000.12.28"]
[Round "?"]
[White "Hossa"]
[Black "PostModernist"]
[Result "0-1"]
[WhiteElo "2551"]
[BlackElo "2600"]
[PlyCount "138"]
[EventDate "2000.??.??"]

1. d4 Nf6 2. c4 c5 3. d5 g6 4. Nc3 Bg7 5. e4 d6 6. Bd3 e5 7. h3 O-O 8. g4 Na6
9. Nf3 Nc7 10. Be3 Rb8 11. Qb3 Bd7 12. O-O-O b6 13. Kb1 Qe7 14. Rc1 Rfe8 15.
Rhg1 Na6 16. Be2 Nc7 17. Ne1 Bc8 18. h4 Rd8 19. h5 Bh8 20. hxg6 fxg6 21. g5 Nd7
22. Rh1 Re8 23. Nb5 Nxb5 24. Qxb5 Bg7 25. Bd2 Qf7 26. Rh2 Bb7 27. Rc3 Nf8 28.
Rf3 Qe7 29. Rfh3 Bc8 30. Rh4 Bd7 31. Qa6 Ra8 32. Rh1 Bc8 33. Qb5 Bd7 34. Qb3
Rab8 35. Nc2 a6 36. Na3 Qf7 37. R4h2 Red8 38. Qg3 b5 39. Ba5 b4 40. Nc2 Rdc8
41. Rh4 Qe7 42. b3 Ra8 43. R4h2 Qf7 44. Ne3 Qf4 45. Qg2 Qf7 46. Rh4 Qe7 47. Qg3
Rcb8 48. R4h2 Kf7 49. f4 exf4 50. Qxf4+ Kg8 51. Ng4 Bxg4 52. Bxg4 Be5 53. Qe3
Bxh2 54. Rxh2 Qe5 55. Rh4 Ra7 56. Bd1 Rf7 57. Rh3 Re8 58. Bf3 Rf5 59. Qe1 Qd4
60. Qg3 Qd3+ 61. Kb2 Qd2+ 62. Kb1 Rxe4 63. Rh1 Qd3+ 64. Ka1 Rxf3 65. Qg1 Re2
66. Qc1 Rff2 67. Qa3 bxa3 68. Bd2 Rxd2 69. Rxh7 Rxa2# {Hossa checkmated} 0-1

[Event "ICS rated blitz match"]
[Site "204.178.125.65"]
[Date "2000.12.28"]
[Round "?"]
[White "PostModernist"]
[Black "Hossa"]
[Result "1-0"]
[WhiteElo "2614"]
[BlackElo "2537"]
[PlyCount "113"]
[EventDate "2000.??.??"]

1. d4 Nf6 2. c4 c5 3. d5 g6 4. Nc3 Bg7 5. e4 d6 6. f4 e6 7. Nf3 exd5 8. cxd5
Nbd7 9. Bb5 O-O 10. O-O a6 11. Bd3 Nb8 12. Bd2 b5 13. Ng5 Ng4 14. Kh1 h6 15.
Nf3 b4 16. Na4 Re8 17. a3 c4 18. Bxc4 bxa3 19. Rxa3 Rxe4 20. Qb3 Nd7 21. Qd3 f5
22. h3 Qc7 23. Bb3 Ngf6 24. Nd4 Re7 25. Ne6 Qb7 26. Bc3 a5 27. Qg3 Kh7 28. Qh4
Re8 29. Nxg7 Kxg7 30. Rc1 Qa7 31. Bc4 Rb8 32. b3 Re4 33. Re1 g5 34. Qg3 Rxf4
35. Re7+ Kg6 36. Nb2 Qf2 37. Qxf2 Rxf2 38. Nd3 Rf1+ 39. Kh2 Rb1 40. Re6 Kf7 41.
Bxa5 Nc5 42. Nxc5 dxc5 43. Bc7 Rb7 44. Rc6 Ne4 45. Be5 Bd7 46. Rxh6 Rc1 47.
Rh7+ Kg6 48. Rg7+ Kh5 49. Be2+ g4 50. Ra6 Bc8 51. Bf4 Rh1+ 52. Kxh1 Rb6 53.
Rxb6 Be6 54. hxg4+ fxg4 55. Rxe6 Nf2+ 56. Kh2 c4 57. Rh7# {Hossa checkmated}
1-0

[Event "ICS rated blitz match"]
[Site "204.178.125.65"]
[Date "2000.12.28"]
[Round "?"]
[White "Hossa"]
[Black "erebuni2750"]
[Result "1-0"]
[WhiteElo "2524"]
[BlackElo "2521"]
[PlyCount "135"]
[EventDate "2000.??.??"]

1. Nf3 Nf6 2. c4 g6 3. g3 Bg7 4. Bg2 O-O 5. O-O d6 6. d4 c6 7. Nc3 Qa5 8. e4 e5
9. Qd3 exd4 10. Nxd4 Ng4 11. Nb3 Qb4 12. Bf4 Ne5 13. Bxe5 dxe5 14. Rfd1 Qe7 15.
Qd6 Qxd6 16. Rxd6 Na6 17. Rad1 Be6 18. Na5 Rfb8 19. a3 Bf8 20. R6d2 Bc5 21. Bf1
Bb6 22. Nb3 Rd8 23. Be2 Rxd2 24. Rxd2 Rd8 25. Rxd8+ Bxd8 26. Kg2 f5 27. Bd3 Kf7
28. h3 Bb6 29. exf5 gxf5 30. g4 fxg4 31. hxg4 Bxg4 32. Bxh7 Nc5 33. Nd2 Ne6 34.
Kg3 Bh5 35. Bf5 Bd4 36. Nde4 Ke7 37. Bxe6 Kxe6 38. b4 Bg6 39. Kf3 Bh5+ 40. Kg2
Bg6 41. a4 b6 42. Kf3 Bh5+ 43. Kg3 Bg6 44. Kg4 Bf5+ 45. Kf3 Bg6 46. b5 Bxc3 47.
Nxc3 cxb5 48. Nxb5 Bd3 49. Nxa7 Bxc4 50. Nc8 b5 51. Nb6 Bf1 52. Ke3 bxa4 53.
Nxa4 Bb5 54. Nc5+ Kd5 55. Ne4 Bd7 56. Nc3+ Ke6 57. Kf3 Bc6+ 58. Ke2 Kf5 59. Ke3
Kg5 60. Na2 Kf5 61. Nc1 Bd5 62. Nd3 Bc6 63. Nc5 Ba8 64. Nd7 Bb7 65. Nb6 Bc8 66.
Nxc8 e4 67. Nd6+ Ke5 68. Nxe4 {erebuni2750 resigns} 1-0

[Event "ICS rated blitz match"]
[Site "204.178.125.65"]
[Date "2000.12.28"]
[Round "?"]
[White "Hossa"]
[Black "nono"]
[Result "1-0"]
[WhiteElo "2540"]
[BlackElo "2077"]
[PlyCount "57"]
[EventDate "2000.??.??"]

1. d4 Nf6 2. c4 e6 3. Nf3 b6 4. g3 Ba6 5. b3 b5 6. Bg2 bxc4 7. Ne5 Bb4+ 8. Kf1
c6 9. bxc4 O-O 10. Qb3 Bd6 11. Bg5 Qc7 12. Bxf6 gxf6 13. Nd3 Bb7 14. Nc3 a5 15.
Rb1 Ba6 16. Na4 Ra7 17. Ndc5 Bxc5 18. Nxc5 d6 19. Nxa6 Nxa6 20. Qf3 Rb8 21. Rd1
Rab7 22. Qg4+ Kf8 23. Qe4 f5 24. Qxc6 Rb1 25. Ke1 R8b6 26. Qxc7 Nxc7 27. c5
dxc5 28. dxc5 R6b3 29. axb3 {nono resigns} 1-0

[Event "ICS rated blitz match"]
[Site "204.178.125.65"]
[Date "2000.12.28"]
[Round "?"]
[White "QueenMaxima"]
[Black "Hossa"]
[Result "0-1"]
[WhiteElo "2514"]
[BlackElo "2542"]
[PlyCount "134"]
[EventDate "2000.??.??"]

1. e4 Nf6 2. e5 Nd5 3. d4 d6 4. c4 Nb6 5. exd6 exd6 6. Nc3 Be7 7. h3 Bf5 8. Bd3
Bxd3 9. Qxd3 O-O 10. Nf3 Nc6 11. O-O Re8 12. b3 Nb4 13. Qd2 Qd7 14. a3 Nc6 15.
d5 Ne5 16. Nxe5 dxe5 17. Re1 Qf5 18. Nb5 Rec8 19. Nd4 Qh5 20. Nf3 Nd7 21. Bb2
Bd6 22. b4 f6 23. c5 Bf8 24. c6 bxc6 25. dxc6 Nb6 26. Rad1 Be7 27. Qc2 Qf7 28.
Re4 Rd8 29. Rde1 Rd5 30. Kh1 Rad8 31. a4 a6 32. Bc1 Qe6 33. a5 Nc8 34. Bb2 Qf7
35. Bc3 Nd6 36. R4e2 Nc4 37. Qb3 R5d6 38. Re4 Rxc6 39. Nd4 exd4 40. Rxe7 Qd5
41. Bb2 d3 42. R1e4 Kf8 43. Bd4 d2 44. Kh2 Ne5 45. Qxd5 Rxd5 46. Bxe5 fxe5 47.
R4xe5 Rxe5 48. Rxe5 d1=Q 49. b5 Rc5 50. Rxc5 Qd6+ 51. f4 Qxc5 52. bxa6 Qf2 53.
Kh1 Qxf4 54. a7 Qf1+ 55. Kh2 Qa6 56. Kg3 Qxa7 57. Kf3 Qxa5 58. Kf4 Qa4+ 59. Kf3
Ke7 60. g3 Kf6 61. Ke3 Ke5 62. g4 Qa3+ 63. Kd2 Kd4 64. Ke2 Qg3 65. Kd2 Qg2+ 66.
Kd1 Kd3 67. g5 Qg1# {QueenMaxima checkmated} 0-1

[Event "ICS rated blitz match"]
[Site "204.178.125.65"]
[Date "2000.12.28"]
[Round "?"]
[White "Hossa"]
[Black "PostModernist"]
[Result "1-0"]
[WhiteElo "2557"]
[BlackElo "2607"]
[PlyCount "147"]
[EventDate "2000.??.??"]

1. d4 Nf6 2. c4 e6 3. Nf3 d5 4. g3 dxc4 5. Qa4+ Bd7 6. Qxc4 Bc6 7. Bg2 Bd5 8.
Qa4+ Qd7 9. Qxd7+ Nbxd7 10. Nc3 Bb4 11. O-O Bxc3 12. bxc3 Ne4 13. Bb2 Nb6 14.
Ne5 Nd2 15. Rfd1 Ndc4 16. Bxd5 exd5 17. Rab1 h5 18. Bc1 Nxe5 19. dxe5 h4 20. g4
c5 21. Bg5 h3 22. f4 Rg8 23. Rd3 f6 24. Bh4 Rh8 25. Bf2 fxe5 26. fxe5 c4 27.
Rf3 Rh6 28. Kf1 O-O-O 29. Rb5 Re6 30. Rf7 Rd7 31. Rf8+ Rd8 32. Rc5+ Kd7 33.
Rf7+ Ke8 34. Rxg7 Rd7 35. Rg8+ Kf7 36. Rh8 Rxe5 37. Ra5 Re8 38. Rxh3 Kg6 39.
Rxa7 Nc8 40. Ra5 Ne7 41. Rf3 Nc6 42. Rb5 Ra8 43. Rb2 Ne5 44. Rf4 Ra3 45. Rc2
Rf7 46. Rxf7 Kxf7 47. g5 Kg6 48. Bd4 Nf7 49. h4 Kh5 50. Bc5 Ra6 51. Bf2 Ne5 52.
Rd2 Ng4 53. Rxd5 Nxf2 54. Kxf2 Kxh4 55. Rb5 Kh5 56. Rxb7 Rxa2 57. Rb4 Kxg5 58.
Rxc4 Kf6 59. Ke3 Ra1 60. Ke4 Ra2 61. Rc6+ Kg5 62. c4 Rxe2+ 63. Kd3 Re1 64. c5
Kf5 65. Rh6 Ke5 66. Kc4 Rc1+ 67. Kb5 Rb1+ 68. Ka6 Kd5 69. c6 Ra1+ 70. Kb7 Rb1+
71. Kc8 Rg1 72. c7 Ke4 73. Re6+ Kf5 74. Kd7 {PostModernist resigns} 1-0

[Event "ICS rated blitz match"]
[Site "204.178.125.65"]
[Date "2000.12.28"]
[Round "?"]
[White "PostModernist"]
[Black "Hossa"]
[Result "1-0"]
[WhiteElo "2589"]
[BlackElo "2575"]
[PlyCount "93"]
[EventDate "2000.??.??"]

1. e4 Nf6 2. e5 Nd5 3. d4 d6 4. Nf3 g6 5. Bc4 Nb6 6. Bb3 Bg7 7. Qe2 O-O 8. O-O
d5 9. h3 Re8 10. a4 a5 11. Bf4 Bf5 12. Qe3 Nc6 13. Bh6 Be4 14. Bxg7 Kxg7 15.
Nbd2 Bf5 16. Rfe1 Nb4 17. c3 Nc2 18. Bxc2 Bxc2 19. e6 f6 20. b3 g5 21. h4 h6
22. hxg5 hxg5 23. Rec1 Bg6 24. c4 Rh8 25. c5 Nc8 26. c6 bxc6 27. Rxc6 Na7 28.
Rc5 Qd6 29. Nf1 Rh7 30. Rxa5 Rah8 31. Ng3 Nc8 32. Kf1 g4 33. Ng1 Rh2 34. Rc1 f5
35. N1e2 Qb4 36. Rxd5 Nd6 37. Rxc7 Ne4 38. Rxe7+ Kf8 39. Rc7 Nd2+ 40. Qxd2 Rh1+
41. Nxh1 Rxh1+ 42. Ng1 Qb8 43. Qb4+ Qxb4 44. Rd8+ Be8 45. Rf7+ Kg8 46. Rxe8+
Qf8 47. Rexf8# {Hossa checkmated} 1-0

[Event "ICS rated blitz match"]
[Site "204.178.125.65"]
[Date "2000.12.28"]
[Round "?"]
[White "Hossa"]
[Black "ChesterX"]
[Result "0-1"]
[WhiteElo "2560"]
[BlackElo "2643"]
[PlyCount "82"]
[EventDate "2000.??.??"]

1. c4 e5 2. Nc3 Nf6 3. Nf3 Nc6 4. d3 g6 5. e4 Bb4 6. a3 Be7 7. Be2 d6 8. O-O
O-O 9. Nd5 Nxd5 10. cxd5 Nd4 11. Nxd4 exd4 12. Bh6 Re8 13. Rc1 Bd7 14. Qb3 c5
15. Qxb7 Rb8 16. Qxa7 Ra8 17. Qb7 Rb8 18. Qa6 f5 19. exf5 Bb5 20. Qa7 Bf6 21.
Bh5 gxh5 22. Rfe1 Rxe1+ 23. Rxe1 Bxd3 24. Bf4 c4 25. Qa4 Rxb2 26. f3 h4 27. Qc6
Rb6 28. Qa4 c3 29. Re8+ Kf7 30. Re1 Bxf5 31. Bh6 c2 32. Bc1 Rb1 33. Kf1 d3 34.
Qf4 Qa5 35. Qxf5 Qxe1+ 36. Kxe1 Rxc1+ 37. Kf2 Rf1+ 38. Kxf1 c1=Q+ 39. Kf2 Qd2+
40. Kf1 Qe2+ 41. Kg1 Qe1# {Hossa checkmated} 0-1

[Event "ICS rated blitz match"]
[Site "204.178.125.65"]
[Date "2000.12.28"]
[Round "?"]
[White "VIP"]
[Black "Hossa"]
[Result "0-1"]
[WhiteElo "2138"]
[BlackElo "2548"]
[PlyCount "42"]
[EventDate "2000.??.??"]

1. e4 c5 2. Nf3 d6 3. Nc3 Nf6 4. d4 cxd4 5. Nxd4 g6 6. Be3 Bg7 7. Qd2 Ng4 8.
Bg5 h6 9. Bh4 Nc6 10. Nb3 Bd7 11. f3 Nge5 12. Bf2 f5 13. exf5 Bxf5 14. O-O-O
O-O 15. Kb1 Rc8 16. Be2 a5 17. Qd5+ Nf7 18. g4 Bxc2+ 19. Ka1 Nb4 20. Qxa5 Qxa5
21. Nxa5 Rxc3 {VIP disconnected and forfeits} 0-1

[Event "ICS rated standard match"]
[Site "204.178.125.65"]
[Date "2000.12.28"]
[Round "?"]
[White "Hossa"]
[Black "K-Mohsen"]
[Result "1-0"]
[WhiteElo "2314"]
[BlackElo "2127"]
[PlyCount "87"]
[EventDate "2000.??.??"]

1. e4 e5 2. Nf3 Nc6 3. Bb5 a6 4. Ba4 Nf6 5. O-O Nxe4 6. d4 b5 7. Bb3 d5 8. dxe5
Be6 9. Nbd2 Nc5 10. c3 Be7 11. Bc2 d4 12. cxd4 Nxd4 13. Nxd4 Qxd4 14. Nf3 Qxd1
15. Rxd1 O-O 16. Ng5 h6 17. Bh7+ Kh8 18. Nxe6 Nxe6 19. Bf5 Rad8 20. Be3 Bc5 21.
Rxd8 Rxd8 22. Bxe6 Bxe3 23. Bxf7 Bd4 24. e6 Bf6 25. Rc1 Rc8 26. Rc6 g5 27. Rxa6
Kg7 28. Bh5 Kf8 29. b4 Ke7 30. Bg4 Bc3 31. a3 Bd4 32. Bf3 Bb6 33. Bc6 Rf8 34.
Bxb5 Bxf2+ 35. Kh1 Bb6 36. g3 Rf2 37. a4 g4 38. a5 Bd4 39. Rc6 Rb2 40. Bd3 Rxb4
41. Bf5 h5 42. Rxc7+ Kf6 43. Rf7+ Kg5 44. e7 {K-Mohsen resigns} 1-0

[Event "ICS rated blitz match"]
[Site "204.178.125.65"]
[Date "2000.12.28"]
[Round "?"]
[White "Hossa"]
[Black "Kupnu4"]
[Result "1-0"]
[WhiteElo "2551"]
[BlackElo "2225"]
[PlyCount "53"]
[EventDate "2000.??.??"]

1. e4 e6 2. d4 d5 3. Nc3 dxe4 4. Nxe4 Bd7 5. Nf3 Bc6 6. Bd3 Be7 7. O-O Bxe4 8.
Bxe4 c6 9. Be3 Nf6 10. Bd3 Nbd7 11. c3 O-O 12. Qc2 Re8 13. Bf4 Nf8 14. Ne5 Ng6
15. Nxg6 hxg6 16. Qd2 Bd6 17. Rfe1 Bxf4 18. Qxf4 Rc8 19. Bc4 Qc7 20. Qh4 Nd5
21. Re5 Qd8 22. Qg4 Nf6 23. Qf4 Nd5 24. Bxd5 cxd5 25. Rae1 Qf6 26. Qg4 Rc6 27.
Rxd5 {Kupnu4 resigns} 1-0

[Event "ICS rated blitz match"]
[Site "204.178.125.65"]
[Date "2000.12.28"]
[Round "?"]
[White "Kupnu4"]
[Black "Hossa"]
[Result "0-1"]
[WhiteElo "2212"]
[BlackElo "2555"]
[PlyCount "33"]
[EventDate "2000.??.??"]

1. d4 Nf6 2. e3 g6 3. Nf3 Bg7 4. Be2 d6 5. b3 O-O 6. Bb2 d5 7. c4 dxc4 8. Bxc4
Bf5 9. Nc3 Nbd7 10. O-O Ne4 11. Nxe4 Bxe4 12. Nd2 Bc6 13. b4 Nb6 14. Bb3 a5 15.
bxa5 Rxa5 16. Bc3 Rg5 17. Qc1 {Kupnu4 resigns} 0-1

[Event "ICS rated blitz match"]
[Site "204.178.125.65"]
[Date "2000.12.28"]
[Round "?"]
[White "Hossa"]
[Black "leviathan"]
[Result "1/2-1/2"]
[WhiteElo "2559"]
[BlackElo "1940"]
[PlyCount "115"]
[EventDate "2000.??.??"]

1. d4 d5 2. c4 c6 3. Nc3 Nf6 4. cxd5 cxd5 5. Bf4 Nc6 6. e3 Bf5 7. Rc1 e6 8. Nf3
Bb4 9. a3 Bxc3+ 10. Rxc3 O-O 11. Be2 Rc8 12. O-O h6 13. Bb5 Ne4 14. Rc1 Bg4 15.
Qe2 Ng5 16. Bxg5 Qxg5 17. Nxg5 Bxe2 18. Bxe2 hxg5 19. Bb5 a6 20. Bxc6 Rxc6 21.
Rxc6 bxc6 22. Rc1 Rc8 23. f3 Kf8 24. b4 Ke7 25. Kf2 Kd7 26. Ke2 Rh8 27. h3 f5
28. Kd3 Rb8 29. Kc2 Rb5 30. g4 g6 31. gxf5 exf5 32. Rg1 Ke6 33. Rxg5 Kf6 34.
Rg1 a5 35. bxa5 Rxa5 36. Kb3 c5 37. dxc5 Rxc5 38. f4 Rc4 39. Rg3 Re4 40. a4 Kg7
41. a5 d4 42. exd4 Rxd4 43. Rf3 Kh6 44. Ka3 Kh5 45. Rf1 Kh4 46. Rg1 Rxf4 47. a6
Re4 48. Rxg6 Kxh3 49. a7 Re8 50. Kb4 f4 51. Rh6+ Kg2 52. Rh7 f3 53. Rg7+ Kf1
54. Rf7 f2 55. Rxf2+ Kxf2 56. Kc5 Ra8 57. Kb6 Rxa7 58. Kxa7 {
Game drawn because neither player has mating material} 1/2-1/2

[Event "ICS rated blitz match"]
[Site "204.178.125.65"]
[Date "2000.12.28"]
[Round "?"]
[White "Tinker"]
[Black "Hossa"]
[Result "1/2-1/2"]
[WhiteElo "2330"]
[BlackElo "2544"]
[PlyCount "87"]
[EventDate "2000.??.??"]

1. e4 c5 2. Nf3 d6 3. d4 cxd4 4. Nxd4 Nf6 5. Nc3 Nc6 6. Bg5 e6 7. Qd2 a6 8.
O-O-O h6 9. Be3 Be7 10. f4 Nxd4 11. Bxd4 b5 12. Bd3 b4 13. Ne2 Qa5 14. Kb1 Bb7
15. Qe3 O-O 16. Bb6 Qa4 17. Bd4 a5 18. e5 dxe5 19. fxe5 Nd7 20. Be4 Bxe4 21.
Qxe4 Qb5 22. Rc1 a4 23. Nf4 b3 24. cxb3 axb3 25. a3 Qa4 26. Rc7 Bd8 27. Rc3 Bb6
28. Ne2 Ba5 29. Rc6 h5 30. Rhc1 Bd2 31. R1c4 Qa5 32. Rc7 Rfd8 33. Nc3 Nf8 34.
Qb7 Bxc3 35. Qf3 Nd7 36. Bxc3 Qb6 37. Bd4 Qa5 38. Bc3 Qb6 39. Bd4 Qa5 40. R4c5
Qe1+ 41. Rc1 Qa5 42. R1c5 Qe1+ 43. Rc1 Qa5 44. R1c5 {Game drawn by repetition}
1/2-1/2